HLVR: AI Quiz - Statistics

General Stats
  • This quiz has been taken 39 times
  • The average score is 19 of 24
Answer Stats
Question Answer % Correct
What does Benrey ask Gordon to show him? His passport
100%
What does Tommy drink for lunch? Soda
100%
Who is the first scientist Gordon meets? Dr.Coomer
95%
What is Gordon's son's name? Joshua
95%
What is the name that the Science Team gives to the (canonically called) Houndeyes? Peeper Puppies
95%
What is the "progeny" that Gman talks about? Tommy
91%
How old is Tommy? 36
86%
What article does Benrey edit Gordon's death into? All Dogs Go To Heaven 2
86%
What does Tommy have the ability to "read"? Black Mesa Sweet Voice
86%
What 2 words does Dr.Coomer say throughout the series? Hello Gordon
86%
Who voices Dr.Coomer Holly/Hollowtones
86%
What does Dr.Coomer see when he leaves Black Mesa? Nothing
86%
Who voices Gordon? Wayneradiotv
86%
What do Gordon and Gman have an argument about? Chuck E. Cheese's
82%
Who voices Bubby? Master Gir
82%
Who voices Tommy? Baaulp
77%
Who voices Benrey? Scorpy/Socpens
77%
Who creates a new arm for Gordon? Darnold
73%
Who asks Tommy if he wants a beyblade? Forzen
73%
What is Dr.Coomer's first name? Harold
73%
What does Dr.Coomer say Gordon can unlock if he wins the race? Gold HEV Suit
59%
What is the name of the theme song used in Benrey's boss fight? Passport Guardian
59%
What does Bubby have a fear of? Heights
50%
What's Gordon's favorite video game? Cane and Lynch 2: Dog Days
36%
No matching quizzes found
Score Distribution
Percent of People with Each Score
Percentile by Number Answered
Your Score History
You have not taken this quiz